[Event "Udaipur Pandiyar op 8th"]
[Site "Udaipur"]
[Date "2023.10.16"]
[Round "3"]
[White "Tejas Shah, Jihan"]
[Black "Rudradaman, Mertia"]
[Result "1/2-1/2"]
[WhiteElo "1864"]
[BlackElo "1472"]
[PlyCount "64"]
[EventDate "2023.10.15"]
[EventType "swiss"]
[EventRounds "9"]
[EventCountry "IND"]
[SourceTitle "Mega2024 Update 01"]
[Source "Chessbase"]
[SourceDate "2023.11.12"]
[SourceVersion "1"]
[SourceVersionDate "2023.11.12"]
[SourceQuality "1"]

1. d4 Nf6 2. c4 c5 3. d5 b5 4. Qc2 bxc4 5. e4 e6 6. Bxc4 exd5 7. exd5 d6 8. Nc3 Be7 9. Nf3 0-0 10. 0-0 Nbd7 11. Re1 Nb6 12. b3 Rb8 13. h3 Nxc4 14. bxc4 Nh5 15. Bd2 f5 16. Rab1 Rxb1 17. Qxb1 Bf6 18. Nb5 Qb6 19. Bc3 Bd7 20. Bxf6 Nxf6 21. Nc3 Re8 22. Rxe8+ Nxe8 23. Qe1 Nf6 24. Ne2 Qa6 25. Qc1 Qxa2 26. Ng3 a5 27. Qf4 a4 28. Qxd6 Qb1+ 29. Kh2 a3 30. Ne5 Be8 31. Qe6+ Kh8 32. Qe7 Kg8 1/2-1/2